[Event "EUSA Champioship"]
[Site "Budapest"]
[Date "2019.07.26"]
[Round "7.2"]
[White "Predke, Alexandr"]
[Black "Galburd, Yan"]
[Result "1/2-1/2"]
[WhiteElo "2632"]
[BlackElo "2429"]
[PlyCount "97"]
[EventDate "2019.07.23"]
[EventType "team-swiss"]
[EventRounds "9"]
[EventCountry "HUN"]
[WhiteTeam "Ural State Mining Unversity"]
[BlackTeam "The Open Unversity of Israel"]
[WhiteTeamCountry "RUS"]
[BlackTeamCountry "ISR"]

1. e4 e6 2. d4 d5 3. Nd2 c5 4. exd5 exd5 5. Ngf3 Nf6 6. Bb5+ Bd7 7. Qe2+ Be7 8.
dxc5 O-O 9. Nb3 a6 10. Bd3 Re8 11. Be3 a5 12. a4 Na6 13. Bxa6 Rxa6 14. h3 Ne4
15. O-O Bxc5 16. Nxc5 Nxc5 17. Qd2 Nxa4 18. b3 Nb6 19. Bd4 Nc8 20. Bc3 a4 21.
Qxd5 Bc6 22. Qxd8 Rxd8 23. Rfd1 Re8 24. Nd4 Bd7 25. bxa4 Rxa4 26. Rab1 b6 27.
Bb4 f6 28. f3 Ra7 29. Kf2 Rc7 30. Re1 Re5 31. g4 h5 32. Kg3 Kf7 33. c3 hxg4 34.
hxg4 Rd5 35. Re2 Rc4 36. Ra2 Kg6 37. Ra6 f5 38. gxf5+ Bxf5 39. Nxf5 Kxf5 40.
Re1 Rc6 41. Ra8 Kg6 42. Kf2 Rd2+ 43. Ke3 Rd7 44. Rg1+ Kf7 45. Rg4 Ne7 46. Rf4+
Kg6 47. Rg4+ Kf7 48. Rf4+ Kg6 49. Rg4+ 1/2-1/2

[Event "EUSA Champioship"]
[Site "Budapest"]
[Date "2019.07.26"]
[Round "7.1"]
[White "Korpa, Bence"]
[Black "Shevchenko, Kirill"]
[Result "1/2-1/2"]
[WhiteElo "2523"]
[BlackElo "2536"]
[PlyCount "181"]
[EventDate "2019.07.23"]
[EventType "team-swiss"]
[EventRounds "9"]
[EventCountry "HUN"]
[WhiteTeam "Eotvos Lorand Unversity"]
[BlackTeam "Lviv State Unversity of Physical Culture"]
[WhiteTeamCountry "HUN"]
[BlackTeamCountry "UKR"]

1. Nf3 Nf6 2. g3 b6 3. Bg2 Bb7 4. O-O e6 5. d3 d5 6. Nbd2 g6 7. e4 Bg7 8. Re1
O-O 9. e5 Nfd7 10. Nf1 c5 11. c3 Nc6 12. d4 f6 13. exf6 Qxf6 14. Bg5 Qf7 15.
Bf4 h6 16. Ne3 cxd4 17. cxd4 e5 18. Nxe5 Ncxe5 19. dxe5 Nxe5 20. Bxe5 Bxe5 21.
Ng4 Bg7 22. Qd2 Kh7 23. Ne5 Bxe5 24. Rxe5 Rad8 25. Rae1 Rfe8 26. h4 Rxe5 27.
Rxe5 d4 28. Qb4 Rd7 29. Bxb7 Rxb7 30. Qxd4 Qxa2 31. Re8 Rg7 32. Qd8 Rg8 33.
Qc7+ Rg7 34. Qb8 Rf7 35. Rh8+ Kg7 36. Qe5+ Rf6 37. Re8 Qb1+ 38. Kg2 Qf5 39.
Re7+ Kf8 40. Re8+ Kg7 41. Re7+ Kf8 42. Re8+ Kg7 43. Re7+ Kf8 44. Qxf5 Rxf5 45.
Rxa7 Rb5 46. Ra2 Rb3 47. Kf1 Ke7 48. Ke2 Kd6 49. Kd1 Kd5 50. Ke1 Ke6 51. Kd1
Kd5 52. Ke1 Ke6 53. Kd2 Kd5 54. Kd1 Rd3+ 55. Ke1 Rb3 56. Ra7 Ke6 57. h5 gxh5
58. Rh7 Kf6 59. Rxh6+ Kg5 60. Rd6 Rxb2 61. Kf1 b5 62. Kg2 b4 63. Rd5+ Kg6 64.
Rb5 b3 65. Kf3 Rb1 66. Kf4 b2 67. Rb6+ Kg7 68. Kg5 Kf7 69. Kf5 Kg7 70. Rb7+ Kh6
71. Kf6 h4 72. Rb8 Kh7 73. Rb7+ Kh6 74. Rb8 Kh7 75. Rb7+ Kh6 76. Rb8 Kh7 77.
Rb7+ Kh6 78. gxh4 Rh1 79. Rxb2 Rxh4 80. Ke5 Kg7 81. f4 Rh6 82. Rb7+ Kf8 83. f5
Ra6 84. Kf4 Rc6 85. Kg5 Ra6 86. Rb2 Kf7 87. Rh2 Kg7 88. Rc2 Kf7 89. Rc7+ Kf8
90. f6 Ra1 91. Kg6 1/2-1/2

[Event "EUSA Champioship"]
[Site "Budapest"]
[Date "2019.07.26"]
[Round "8.1"]
[White "Chigaev, Maksim"]
[Black "Grimm, Daniel"]
[Result "1-0"]
[WhiteElo "2640"]
[BlackElo "2280"]
[PlyCount "104"]
[EventDate "2019.??.??"]
[WhiteTeam "Ural State Mining Unversity"]
[BlackTeam "Eotvos Lorand Unversity II"]
[WhiteTeamCountry "RUS"]
[BlackTeamCountry "HUN"]

1. e4 d5 2. exd5 Qxd5 3. Nc3 Qa5 4. Bc4 Nf6 5. d3 Bg4 6. Nge2 e6 7. O-O Bd6 8.
Qe1 a6 9. Ng3 h5 10. h3 Bxg3 11. fxg3 Bf5 12. b4 Qb6+ 13. Be3 Qc6 14. Bd4 Kf8
15. b5 axb5 16. Bxb5 Qd6 17. Be5 Qb6+ 18. Kh1 Nc6 19. Rb1 Nxe5 20. Qxe5 Qd6 21.
Qxd6+ cxd6 22. Bc4 Rc8 23. Rxb7 d5 24. Rxf5 dxc4 25. Rf3 cxd3 26. Rxd3 g6 27.
Nb5 Rxc2 28. Rd8+ Kg7 29. Rxh8 Kxh8 30. Rxf7 Ne4 31. Nd4 Rc1+ 32. Kh2 Nd2 33.
Nb3 Nxb3 34. axb3 Rb1 35. Rb7 e5 36. g4 h4 37. g5 Kg8 38. Rb4 Kf7 39. Rxh4 Rxb3
40. Ra4 Ke6 41. h4 Kd5 42. Ra6 Rb4 43. Kh3 e4 44. Rxg6 e3 45. Ra6 e2 46. Ra1
Ke5 47. Re1 Rb3+ 48. Kg4 Re3 49. g6 Kf6 50. Kf4 Re8 51. h5 Re5 52. g4 Re8 1-0

[Event "EUSA Champioship"]
[Site "Budapest"]
[Date "2019.07.26"]
[Round "8.2"]
[White "Grimm, Gyorgy"]
[Black "Predke, Alexandr"]
[Result "0-1"]
[WhiteElo "2141"]
[BlackElo "2632"]
[PlyCount "104"]
[EventDate "2019.??.??"]
[WhiteTeam "Eotvos Lorand Unversity II"]
[BlackTeam "Ural State Mining Unversity"]
[WhiteTeamCountry "HUN"]
[BlackTeamCountry "RUS"]

1. e4 e5 2. Nf3 Nc6 3. Bb5 a6 4. Ba4 Nf6 5. d3 d6 6. c4 Be7 7. h3 Be6 8. Nc3
Nd7 9. Be3 O-O 10. O-O Rb8 11. Re1 Bf6 12. d4 exd4 13. Nxd4 Bxd4 14. Bxd4 Bxc4
15. Bxc6 bxc6 16. b3 Be6 17. Ne2 f6 18. Nf4 Bf7 19. Qg4 Ne5 20. Qg3 Re8 21. Nd3
c5 22. Bc3 Nc6 23. Nf4 Kh8 24. Rad1 a5 25. Nd5 Nb4 26. Nxb4 axb4 27. Ba1 Bg6
28. f3 Ra8 29. Rd2 Qe7 30. h4 Qf7 31. Rde2 h6 32. Qh3 c4 33. h5 Bh7 34. bxc4
Qxc4 35. Qh4 Rxa2 36. Rxa2 Qxa2 37. e5 fxe5 38. Qxb4 Qa7+ 39. Kh1 Rb8 40. Qd2
Qa4 41. Bc3 Qh4+ 42. Kg1 Qxh5 43. f4 e4 44. Qd4 Qf7 45. Ra1 Bf5 46. Re1 Rb5 47.
Ra1 Kh7 48. g3 Rd5 49. Qf2 Rd3 50. Bd4 Qb3 51. Kh2 e3 52. Qf3 Rxd4 0-1